| 000 | 00823nam a2200205Ia 4500 | ||
|---|---|---|---|
| 003 | SEM | ||
| 005 | 20220608071455.0 | ||
| 008 | 141116s9999 xx 000 0 und d | ||
| 040 |
_a ՍԷՄ _c ՍԷՄ |
||
| 041 | 0 | _aarm. | |
| 080 | _a891.981-3/Մ-16 | ||
| 100 | 1 | _aՄալխաս | |
| 245 | 1 | 0 |
_aԶարթոնք. _cՄալխաս. |
| 260 |
_aՆյու Յորք: _bԱռաջնորդարան Հայոց Նիւ Եորք, _c1982. |
||
| 300 |
_aՀ. _b1 դիմ.; _c23,5 սմ. |
||
| 505 |
_aՀ. Ե - _tՄաս Ա. - Անահիտ Ոսկեան Մաս Բ. - Սգաւոր առիւծ Գեւօն, _g1982. - 332 էջ: |
||
| 650 |
_aՍփյուռքահայ գրականություն _xքաղաքական վեպ _y19-րդ դ. |
||
| 650 |
_aՀայ գրականություն _xվեպ _xհեղափոխական շարժում |
||
| 942 |
_2udc _cBK |
||
| 999 |
_c47524 _d47524 |
||